000
00297nam a22001337a 4500
008
190226b xxu||||| |||| 00| 0 eng d
020
_a
9780226109459
041
_a
eng
080
_a
321
100
_a
19
101
_a
SHP
245
_a
How to read the American City
_c
Clay, G
942
_2
udc
_c
BK
999
_c
54269
_d
54269